000 01515nam0a22003131 4500
001 v19\rc\1458323
005 20260406110640.0
035 _a(NLR Aleph) 005226529
090 _a5560306
_c5560306
100 _a20060620d1875 |||y0rusy50 ca
101 0 _arus
102 _aRU
105 _aa z |||||
200 1 _aОб окончании нервов в органах осязания у рыб
_eЧит. 6 мая 1875 г. М. Афанасьев
_f[Из Физиол. лаб. С.-Петерб. ун-та]
210 _aСанкт-Петербург
_d1875
215 _a[2], 24 с., 1 л. ил.
_cил.
_d24
311 _aПрил. к 25 т. "Зап. Имп. Акад. наук" № 8
316 _aЭкз. РНБ (1/447): приплетен...
_5NLR: 1/447
422 0 _12001#$aЗаписки Императорской Академии наук$vТ. 25, № 8
_tЗаписки Императорской Академии наук
482 0 _12001#$aЗаписки Императорской Академии наук$vТ. 25, № 8
_tЗаписки Императорской Академии наук
700 1 _8rus
_7ca
_aАфанасьев
_bМ. И.
_cбактериолог
_f1850-1910
_gМихаил Иванович
_3RU\NLR\AUTH\77110476
_993401
801 0 _aRU
_bNLR
_c20060620
_gpsbo
801 0 _aRU
_bRuMoRGB
_c20060620
_2psbo
801 1 _aRU
_bProSoft-M
_c20060620
_2rusmarc
801 2 _aRU
_bNLR
_c20120822
_2rusmarc
852 _aNLR
_j18.98.7.228
852 _aNLR
_j1/447
942 _cBOOK
980 _aNB